00807 2200325 4500001002100000005001500021035002000036007000300056008004100059020001800100082001100118084001800129100003100147245007500178260004500253300003200298650001500330990001200345990001200357990001100369990001100380990001200391990001200403990001100415990001100426990001100437990001100448990001100459990001100470INLIS00000000000204120180605101319 a0010-0618000010ta180605 g 0 ind  a9786020334035 a910.09 a910.09 BAM b0 aBAMBANG, Paimo Hertadi Mas1 aBersepeda Melintasi Benua, Merambah Dunia /cBambang Paimo Hertadi Mas aJakarta :bGramedia Pustaka Utama,c2016 a393 hlm. :bilus. ;c21 cm. aPERJALANAN a16708 a a16708 b a16708b a16708b a16708 a a16708 a a16708a a16708b a16708b a16708a a16708a a16708b